Kizo - Pegaz - Statystyki

Ogólne statystyki
  • Ten quiz został rozwiązany 8 razy
  • Średni wynik to 8 z 11
Statystyki odpowiedzi
Numer Tytuł Gość % Poprawnych
9 Mr Gino Paris Platynov & Kaz Bałagane
100%
2 Pegaz
100%
5 Jacuzzi Na 42 Bonus RPK
86%
11 Życie Jest Piękne Tymek
86%
1 Intro
71%
6 Przyjemniaczki
71%
4 Aperol
57%
7 Banger King
57%
8 Ogień Gedz
57%
3 Artysta Z Blizną Jano Polska Wersja
43%
10 Taki Zwyczaj Wac Toja
43%
Nie znaleziono quizów pasujących do podanych kryteriów
Rozkład punktacji
Procent ludzi z każdym wynikiem
Percentyl według liczby udzielonych odpowiedzi
Twoja historia wyników
Nie rozwiązałeś tego quizu